Rhymes with 'ALE' Quiz Stats

 Plays Quiz Updated Aug 11, 2017

Support Sporcle.
Go Orange.
Score 0/39 Timer 04:00
4 Plays Today
% Correct
bale
96.4%
pale
95.9%
male
95.9%
fail
95.8%
nail
95.7%
kale
95.5%
tail
95.3%
rail
95.2%
hail
94.3%
mail
93.9%
gale
93.7%
tale
93.3%
dale
92.9%
pail
92.8%
sail
92.4%
bail
92.2%
sale
91.8%
hale
91.4%
jail/gaol
90.7%
stale
86.2%
% Correct
wail
85.3%
vale
84.9%
trail
83.4%
ail
83.3%
frail
82.7%
whale
82.3%
grail
78.6%
shale
78.3%
snail
77.9%
brail
76.2%
quail
75.2%
wale
74.7%
scale
73.5%
flail
72.5%
vail
68.5%
veil
64%
swale
57.8%
braille
34.2%
tael
9.6%

You're not logged in!

Compare scores with friends on all Sporcle quizzes.
OR
Log In
Forgot?

From the Vault

Actors & Actresses by Movie: 'B'

by kfastic

Just don't call them B-list.
Remove Ads.
Support Sporcle.
Get the best of Sporcle when you Go Orange. This ad-free experience offers more features, more stats, and more fun while also helping to support Sporcle. Thank you for becoming a member.

Show Comments

Extras

Top Quizzes Today


Score Distribution

Your Account Isn't Verified!

In order to create a playlist on Sporcle, you need to verify the email address you used during registration. Go to your Sporcle Settings to finish the process.

Report this User

Report this user for behavior that violates our Community Guidelines.

Details: